Song Lyrics: Missing Word - Geographical Features - Statistics

General Stats
  • This quiz has been taken 25 times
  • The average score is 10 of 20
Answer Stats
Song Title Song Lyric % Correct
The Lion Sleeps Tonight (Wimoweh) (Solomon Linda/The Tokens) "In the {jungle}, the mighty {jungle}The lion sleeps tonight"
96%
Hotel California (Eagles) "On a dark {desert} highway, cool wind in my hair"
96%
Yellow Submarine (Beatles) "In the town where I was born, lived a man who sailed to {sea}And he told us of his life, in the land of submarines"
84%
Take Me Home, Country Roads (John Denver) "West Virginia, {mountain} mama Take me home, country roads"
84%
Manhattan (Rodgers & Hart - 1925) (Dinah Washington) "We'll take Manhattan,The Bronx, and Staten {Island} too"
80%
Teddy Bears Picnic (Henry Hall Orchestra) "If you go down in the {woods} today, you're sure of a big surprise If you go down in the {woods} today, you'd better go in disguise"
56%
Smooth Operator (Sade) "{Coast} to {coast}, LA to Chicago, western male Across the north and south, to Key Largo, love for sale
52%
Escape (Pina Colada Song) (Rupert Holmes) "If you like makin' love at midnight In the {dune}s on the cape"
52%
Danny Boy (Frederic Weatherly - 1913) "Oh, Danny boy, the pipes, the pipes are calling From {glen} to {glen}, and down the mountain side"
52%
London Calling (Clash) "A nuclear error, but I have no fear 'Cause London is drowning, and I, I live by the {river}"
44%
Seasons in the Sun (Terry Jacks) "But the {hills} that we climbed Were just seasons out of time"
44%
Watching The Detectives (Elvis Costello) "I don't know how much more of this I can take She's filing her nails while they're dragging the {lake}"
44%
Climb Every Mountain (Sound of Music) "Climb every mountain, {Ford} every stream"
40%
Life On Mars (David Bowie) "See the mice in their million hordes From Ibiza to the Norfolk {Broads}"
40%
Wuthering Heights (Kate Bush) "Out on the wily, windy {moor}s, we'd roll and fall in greenYou had a temper like my jealousy, too hot, too greedy"
36%
Camptown Races (Stephen Foster) "I’ll bet my money on the bob-tail nag, Somebody bet on the {bay}"
32%
Oh What A Beautiful Morning (Oklahoma) "There's a bright golden haze on the {meadow}, The corn is as high as an elephants eye,"
28%
Blue Monday (New Order) "I thought I told you to leave me While I walk down to the {beach}"
20%
Sea Of Heartbreak (Don Gibson) "The lights in the {harbour}, don't shine for meI'm like a lost ship, adrift on the sea"
16%
Subterranean Homesick Blues (Bob Dylan) "Girl by the {whirlpool}'s looking for a new fool Don't follow leaders, a-watch the parking meters"
4%
No matching quizzes found
Score Distribution
Percent of People with Each Score
Percentile by Number Answered
Your Score History
You have not taken this quiz